000
00299nam a2200133Ia 4500
100
_a
Brooks/ C.J.
942
_c
BK
654
_a
Computer
245
_a
IBM PC Peripheral trouble shooting & repair
260
_b
Howard W. Sams + Co
_a
USA
_c
1987
082
_a
4.16
546
_a
ENGLISH
999
_c
22424
_d
22424